[Event "77th ch-RUS 2024"]
[Site "Barnaul RUS"]
[Date "2024.08.26"]
[Round "9.5"]
[White "Ponkratov, Pavel"]
[Black "Artemiev, Vladislav"]
[Result "0-1"]
[WhiteTitle "GM"]
[BlackTitle "GM"]
[WhiteElo "2571"]
[BlackElo "2699"]
[WhiteFideId "4157800"]
[BlackFideId "24101605"]
[EventDate "2024.08.17"]

1. e4 e5 2. Nf3 Nc6 3. Bb5 a6 4. Ba4 Nf6 5. O-O Be7 6. Re1 b5 7. Bb3 O-O 8. a4
Rb8 9. axb5 axb5 10. c3 d6 11. d4 exd4 12. cxd4 d5 13. exd5 Nxd5 14. Nc3 Be6 15.
h4 Nxc3 16. bxc3 Bxb3 17. Qxb3 Bd6 18. Ra6 Re8 19. Re3 Qd7 20. Ng5 h6 21. Ne4
Ne7 22. Rxd6 cxd6 23. Nf6+ gxf6 24. Rg3+ Ng6 25. Rxg6+ Kh8 26. Rxh6+ Kg7 27. Qd5
Re1+ 28. Kh2 Rh8 29. Rxh8 Kxh8 30. Bf4 Qg4 31. Bg3 Qd1 32. Bxd6 Rh1+ 33. Kg3
Qd3+ 34. f3 Qg6+ 35. Kf2 Qc2+ 36. Kg3 Qg6+ 37. Kf2 Rc1 38. g4 Qc2+ 39. Ke3 Re1+
40. Kf4 Qh2+ 41. Kf5 Qxh4 42. Qa8+ Kh7 43. Bf4 Kg7 0-1

[Event "77th ch-RUS 2024"]
[Site "Barnaul RUS"]
[Date "2024.08.26"]
[Round "9.6"]
[White "Matlakov, Maxim"]
[Black "Dubov, Daniil"]
[Result "1/2-1/2"]
[WhiteTitle "GM"]
[BlackTitle "GM"]
[WhiteElo "2651"]
[BlackElo "2701"]
[WhiteFideId "4168003"]
[BlackFideId "24126055"]
[EventDate "2024.08.17"]

1. d4 Nf6 2. c4 g6 3. Nc3 d5 4. cxd5 Nxd5 5. e4 Nxc3 6. bxc3 Bg7 7. Nf3 c5 8. h3
O-O 9. Be2 b6 10. O-O cxd4 11. cxd4 Bb7 12. Qd3 Ba6 13. Qe3 Bxe2 14. Qxe2 Nc6
15. Be3 Nxd4 16. Bxd4 Bxd4 17. Rad1 e5 18. Nxe5 Qc7 1/2-1/2

[Event "77th ch-RUS 2024"]
[Site "Barnaul RUS"]
[Date "2024.08.27"]
[Round "10.1"]
[White "Esipenko, Andrey"]
[Black "Nesterov, Arseniy"]
[Result "1-0"]
[WhiteTitle "GM"]
[BlackTitle "GM"]
[WhiteElo "2671"]
[BlackElo "2592"]
[WhiteFideId "24175439"]
[BlackFideId "24198455"]
[EventDate "2024.08.17"]

1. d4 Nf6 2. c4 e6 3. Nc3 d5 4. cxd5 exd5 5. Bg5 c6 6. e3 h6 7. Bh4 Be7 8. Bd3
O-O 9. Bg3 Re8 10. Nf3 Nh5 11. Be5 Nd7 12. h3 Nxe5 13. dxe5 g6 14. Qd2 b5 15.
O-O Bf8 16. Rac1 Bd7 17. Rfd1 Ng7 18. e4 b4 19. Ne2 Ne6 20. exd5 cxd5 21. Bc2
Qb6 22. Bb3 Bc5 23. Ng3 Rad8 24. Bxd5 Bc6 25. Ne4 Kg7 26. Nd6 Re7 27. Bxc6 Qxc6
28. Nh2 h5 29. Nf3 Qb6 30. Ng5 Bxd6 31. exd6 Nxg5 32. Qxg5 Red7 33. Qe5+ Kg8 34.
Rc4 b3 35. axb3 Rxd6 36. Rxd6 Qxd6 37. Qe3 a6 38. Re4 Qc6 39. Rd4 Re8 40. Qd2
Qe6 41. Rd8 Rxd8 42. Qxd8+ Kh7 43. Qd1 a5 44. h4 Qe4 45. g3 Qe6 46. Qd3 Qe1+ 47.
Kg2 Qb4 48. Qc3 Qe4+ 49. Qf3 Qe6 50. Kf1 Qe7 51. Qd5 Qc7 52. Kg2 Kg8 53. Qb5 Qd8
54. b4 axb4 55. Qxb4 Qd5+ 56. Kh2 Kh7 57. Qb6 g5 58. hxg5 Qxg5 59. Qd4 Qf5 60.
b4 Kg6 61. Kg2 f6 62. Qc4 Qb1 63. b5 h4 64. gxh4 Kh6 65. Qf4+ Kh7 66. Qc7+ Kh6
67. b6 Qe4+ 68. Kg3 Qd3+ 69. Kf4 Qh3 70. Ke4 Qe6+ 71. Kd4 Qg4+ 72. f4 Qd1+ 73.
Kc5 Qc2+ 74. Kd6 Qe4 75. Kd7 Kg6 76. b7 Qd5+ 77. Ke7 Qf7+ 78. Kd6 Qf8+ 79. Kd5 1-0

[Event "77th ch-RUS 2024"]
[Site "Barnaul RUS"]
[Date "2024.08.27"]
[Round "10.2"]
[White "Artemiev, Vladislav"]
[Black "Matlakov, Maxim"]
[Result "1-0"]
[WhiteTitle "GM"]
[BlackTitle "GM"]
[WhiteElo "2699"]
[BlackElo "2651"]
[WhiteFideId "24101605"]
[BlackFideId "4168003"]
[EventDate "2024.08.17"]

1. d4 Nf6 2. c4 e6 3. Nf3 d5 4. Nc3 Be7 5. Bf4 O-O 6. e3 Nbd7 7. a3 c5 8. cxd5
Nxd5 9. Nxd5 exd5 10. dxc5 Nxc5 11. Be5 Bg4 12. Be2 Bxf3 13. Bxf3 Bf6 14. Bxf6
Qxf6 15. Qc2 Rac8 16. O-O d4 17. b4 Ne6 18. Qa4 Rc7 19. Qxa7 Ng5 20. Qxd4 Nxf3+
21. gxf3 Qxf3 22. Rfc1 Re7 23. Qf4 Qe2 24. Qf5 g6 25. Qd5 Rfe8 26. Qd1 Qa6 27.
Rc5 Re4 28. Qf3 R8e7 29. Ra5 Qe6 30. Rd1 Kg7 31. Rad5 h5 32. Rd6 Qe5 33. h3 Qb2
34. R1d2 Qa1+ 35. Rd1 Qb2 36. R1d4 R4e6 37. a4 Qa1+ 38. Qd1 Qb2 39. a5 Re5 40.
Rf4 Rg5+ 41. Kh2 Rb5 42. Qd3 Qe5 43. Kg1 Qa1+ 44. Kh2 Qe5 45. Kg2 Qg5+ 46. Kf1
Qe5 47. h4 Rc7 48. Rd7 Rxd7 49. Qxd7 Qd5 50. Rxf7+ 1-0

[Event "77th ch-RUS 2024"]
[Site "Barnaul RUS"]
[Date "2024.08.27"]
[Round "10.3"]
[White "Makarian, Rudik"]
[Black "Ponkratov, Pavel"]
[Result "1/2-1/2"]
[WhiteTitle "IM"]
[BlackTitle "GM"]
[WhiteElo "2537"]
[BlackElo "2571"]
[WhiteFideId "44105681"]
[BlackFideId "4157800"]
[EventDate "2024.08.17"]

1. c4 c6 2. d4 d5 3. cxd5 cxd5 4. Bf4 Nc6 5. e3 Nf6 6. Nc3 a6 7. Be2 Bf5 8. Nf3
e6 9. O-O Bd6 10. Bxd6 Qxd6 11. Na4 O-O 12. Qb3 Bg4 13. Rfc1 b5 14. Nc5 Bxf3 15.
Bxf3 e5 16. Nb7 Qe6 17. Nc5 Qd6 18. dxe5 Nxe5 19. Qd1 Rac8 20. Nd3 g6 21. h3 Kg7
22. Be2 Nxd3 23. Qxd3 Qe5 24. Qd4 Qxd4 25. exd4 Rfe8 26. Bd3 Ne4 27. h4 Kf6 28.
g4 Nd2 29. Kg2 Nc4 30. Rc2 Na5 31. Rac1 Rxc2 32. Rxc2 Re6 33. g5+ Kg7 34. Rc5
Nc6 35. Kg3 Kf8 36. a3 Rd6 37. Kf4 Ke7 38. Bf1 Nxd4 39. Rc7+ Rd7 40. Rxd7+ Kxd7
41. Ke5 Nf3+ 42. Kxd5 Nxh4 43. f4 Nf3 44. a4 bxa4 45. Bxa6 Ne1 46. Bb5+ Ke7 47.
Ke4 Nc2 48. Bxa4 Nb4 49. Kd4 f6 50. Kc4 Na6 51. Bb3 fxg5 52. fxg5 Nc7 53. Kc5
Ne8 54. Kc6 Nd6 55. Bd5 Nf5 56. Kc7 h6 57. gxh6 Nxh6 58. b4 Nf5 59. b5 Nd6 60.
b6 g5 61. Bf3 Nb5+ 62. Kc6 Nd6 63. Kc5 Kd7 64. Bg4+ Ke7 65. Kd5 Nb7 66. Kc6 Nd6
67. Be2 g4 68. Bxg4 Nc4 69. b7 Na5+ 70. Kc7 Nxb7 71. Kxb7 1/2-1/2

[Event "77th ch-RUS 2024"]
[Site "Barnaul RUS"]
[Date "2024.08.27"]
[Round "10.4"]
[White "Grebnev, Aleksey"]
[Black "Timofeev, Artyom"]
[Result "1/2-1/2"]
[WhiteTitle "GM"]
[BlackTitle "GM"]
[WhiteElo "2513"]
[BlackElo "2547"]
[WhiteFideId "34189030"]
[BlackFideId "4140419"]
[EventDate "2024.08.17"]

1. e4 c5 2. Nf3 d6 3. Bb5+ Bd7 4. Bxd7+ Nxd7 5. O-O Ngf6 6. Qe2 e6 7. c3 Ne5 8.
d4 Nxf3+ 9. Qxf3 d5 10. e5 Nd7 11. Be3 Qb6 12. b3 cxd4 13. cxd4 Rc8 14. Nd2 Ba3
15. Qg4 g6 16. Nf3 Qc6 17. Qf4 O-O 18. Qh6 Rfe8 19. Ng5 Nf8 20. h4 Qc2 21. h5
gxh5 22. Qxh5 Qg6 23. Qf3 Nd7 24. g3 f6 25. exf6 Qxf6 26. Qe2 Qf5 27. Kg2 e5 28.
Qh5 Be7 29. Rad1 Bxg5 30. Qxg5+ Qxg5 31. Bxg5 e4 32. Rc1 Nf8 33. Be3 Kf7 34. Rh1
Rxc1 35. Rxc1 h5 36. Rh1 Kg6 37. g4 hxg4 38. Rh6+ Kf7 39. Rd6 Nh7 40. Rxd5 Nf6
41. Rc5 Rd8 42. Kg3 Nd5 43. Bg5 Rd6 44. Kxg4 Ke6 45. Rc8 Nf6+ 46. Bxf6 Kxf6 47.
Rc4 b5 48. Rc7 Rxd4 49. Rxa7 e3+ 50. Kf3 exf2 51. Kxf2 Ke6 52. Ke3 Rh4 53. Ra5
b4 54. Rc5 Kd6 55. Rc4 Rh2 56. Rxb4 Rxa2 57. Rc4 Rb2 58. Rc3 Kd5 59. Kd3 Kd6 60.
Kd4 Rb1 61. Ke4 1/2-1/2

[Event "77th ch-RUS 2024"]
[Site "Barnaul RUS"]
[Date "2024.08.27"]
[Round "10.5"]
[White "Najer, Evgeniy"]
[Black "Dubov, Daniil"]
[Result "0-1"]
[WhiteTitle "GM"]
[BlackTitle "GM"]
[WhiteElo "2635"]
[BlackElo "2701"]
[WhiteFideId "4118987"]
[BlackFideId "24126055"]
[EventDate "2024.08.17"]

1. e4 c5 2. Nf3 d6 3. d4 cxd4 4. Nxd4 Nf6 5. Nc3 g6 6. Be3 Bg7 7. f3 h5 8. Bc4
a6 9. a4 Nbd7 10. O-O Qc7 11. Ba2 b6 12. f4 Bb7 13. f5 g5 14. Nf3 g4 15. Ng5 Rf8
16. Qe2 Rc8 17. Rad1 Ne5 18. Qf2 Qb8 19. Bxb6 Bh6 20. Be3 g3 21. Qxg3 Rg8 22. h4
Rxc3 23. bxc3 Nxe4 24. Qe1 Qa8 25. g3 Bxg5 26. hxg5 Rxg5 27. Bxg5 Nxg5 28. Rd3
Qa7+ 0-1

[Event "77th ch-RUS 2024"]
[Site "Barnaul RUS"]
[Date "2024.08.27"]
[Round "10.6"]
[White "Grischuk, Alexander"]
[Black "Dreev, Aleksey"]
[Result "0-1"]
[WhiteTitle "GM"]
[BlackTitle "GM"]
[WhiteElo "2708"]
[BlackElo "2591"]
[WhiteFideId "4126025"]
[BlackFideId "4100107"]
[EventDate "2024.08.17"]

1. e4 c6 2. d4 d5 3. e5 c5 4. Nf3 cxd4 5. Qxd4 Nc6 6. Qf4 f6 7. Bb5 g5 8. Qa4 g4
9. Nd4 fxe5 10. Nxc6 bxc6 11. Bxc6+ Bd7 12. Nc3 Nf6 13. Bg5 Rc8 14. Bxd7+ Qxd7
15. Qb3 d4 16. Bxf6 exf6 17. Ne4 Be7 18. O-O f5 19. Nd2 e4 20. Rad1 Qc6 21. Rfe1
Rf8 22. Nf1 Qxc2 23. Qb5+ Qc6 24. Qxc6+ Rxc6 25. Rxd4 Bc5 26. Rd5 Ke7 27. Red1
Ke6 28. Ng3 Rd6 29. Rxd6+ Bxd6 30. Rc1 Rb8 31. b3 Rb5 32. Ne2 Rd5 33. g3 Rd2 34.
Kf1 Rxa2 35. Rc8 Be5 36. Re8+ Kd6 37. Rf8 Ra1+ 38. Kg2 Ke6 39. Re8+ Kd6 40. Rf8
Ra2 41. Kf1 Ra3 42. b4 Ke6 43. Re8+ Kd5 44. Rf8 e3 45. fxe3 Ke4 46. Rf7 Bd6 47.
Rxh7 Bxb4 48. Nd4 Ra1+ 49. Ke2 Ra2+ 50. Kd1 Kd3 51. Nc2 Bc5 52. Rd7+ Ke4 53. Rc7
Bb6 54. Rf7 Rb2 55. Kd2 Rb1 56. Re7+ Kd5 57. Rd7+ Ke5 58. Re7+ Kf6 59. Rh7 Rh1
60. Nd4 f4 61. Rh6+ Kg5 62. Rh8 fxe3+ 63. Kxe3 Rd1 64. Rg8+ Kf6 65. Rxg4 Rxd4 0-1

[Event "77th ch-RUS 2024"]
[Site "Barnaul RUS"]
[Date "2024.08.28"]
[Round "11.1"]
[White "Dreev, Aleksey"]
[Black "Najer, Evgeniy"]
[Result "1/2-1/2"]
[WhiteTitle "GM"]
[BlackTitle "GM"]
[WhiteElo "2591"]
[BlackElo "2635"]
[WhiteFideId "4100107"]
[BlackFideId "4118987"]
[EventDate "2024.08.17"]

1. d4 Nf6 2. Nf3 d5 3. Bf4 c5 4. e3 Nc6 5. Nbd2 e6 6. c3 cxd4 7. exd4 Nh5 8. Be3
Bd6 9. Bd3 Nf4 10. Bxf4 Bxf4 11. g3 Bh6 12. Ne5 g6 13. f4 f6 14. Nxc6 bxc6 15.
Nf3 O-O 16. O-O a5 17. Qe2 1/2-1/2

[Event "77th ch-RUS 2024"]
[Site "Barnaul RUS"]
[Date "2024.08.28"]
[Round "11.2"]
[White "Nesterov, Arseniy"]
[Black "Grischuk, Alexander"]
[Result "1/2-1/2"]
[WhiteTitle "GM"]
[BlackTitle "GM"]
[WhiteElo "2592"]
[BlackElo "2708"]
[WhiteFideId "24198455"]
[BlackFideId "4126025"]
[EventDate "2024.08.17"]

1. d4 Nf6 2. c4 e6 3. Nf3 h6 4. Nc3 Bb4 5. Bd2 c5 6. a3 Bxc3 7. Bxc3 Ne4 8. Qc2
Nxc3 9. Qxc3 Qf6 10. e3 Nc6 11. Be2 b6 12. Ne5 Bb7 13. Bf3 cxd4 14. exd4 Rc8 15.
O-O d6 16. Ng4 Qf4 17. Rfd1 O-O 18. Ne3 d5 19. b3 Rfd8 20. Qb2 dxc4 21. bxc4 Qf6
22. Rab1 Ba8 23. Bxc6 Bxc6 24. h3 Be4 25. Rbc1 Rd7 26. Rd2 Rcd8 27. Rcd1 Qg5 28.
Kh2 Bc6 29. d5 exd5 30. cxd5 Bxd5 31. Qc3 Qf4+ 32. Kg1 Qe4 33. Rd4 Qe6 34. Re1
Be4 35. Rxd7 Qxd7 36. Rd1 Qe7 37. Rxd8+ Qxd8 38. Qe5 Bg6 39. Qf4 Kh7 40. h4 Qe7
41. Qa4 h5 42. Qa6 Qc7 43. Qa4 Qe7 44. Qa6 Qd7 45. Qc4 Qd3 46. Qa4 a5 47. Kh2
Qd6+ 48. Kg1 Qd3 49. Kh2 Qd6+ 50. Kg1 Qd2 51. g3 Qd3 52. Kh2 Qd6 53. Ng2 Qd2 54.
Kg1 b5 55. Qxb5 Qc1+ 56. Kh2 Qxa3 57. Nf4 a4 58. Nh3 f6 59. Nf4 Bf7 60. Qf5+ Kg8
61. Ng6 Bxg6 62. Qxg6 Qf3 63. Qe8+ Kh7 64. Qxa4 Qxf2+ 65. Kh3 Qf1+ 66. Kh2 Qe2+
67. Kg1 Qe3+ 68. Kg2 Qe2+ 69. Kg1 Qf3 70. Qc2+ f5 71. Kh2 Qe4 72. Qd1 Qg4 73.
Qd3 Qg6 74. Qe2 Qf7 75. Qf3 Qg6 76. Qe2 Qg4 77. Qd3 Qe4 78. Qd1 Kg6 79. Qd6+ Kf7
80. Qd1 1/2-1/2

[Event "77th ch-RUS 2024"]
[Site "Barnaul RUS"]
[Date "2024.08.28"]
[Round "11.3"]
[White "Timofeev, Artyom"]
[Black "Esipenko, Andrey"]
[Result "1/2-1/2"]
[WhiteTitle "GM"]
[BlackTitle "GM"]
[WhiteElo "2547"]
[BlackElo "2671"]
[WhiteFideId "4140419"]
[BlackFideId "24175439"]
[EventDate "2024.08.17"]

1. e4 e5 2. Nf3 Nc6 3. Bb5 a6 4. Ba4 Nf6 5. O-O Be7 6. d3 b5 7. Bb3 d6 8. a3 Na5
9. Ba2 c5 10. Nc3 Be6 11. Bxe6 fxe6 12. Ne2 Nc6 13. Ng3 O-O 14. c3 Rc8 15. Qe2
Qe8 16. Bd2 Nd7 17. c4 bxc4 18. dxc4 a5 19. b3 Rb8 20. Rab1 Qc8 21. Qd3 Qa6 22.
Ne2 Nd4 23. b4 Nxf3+ 24. gxf3 axb4 25. axb4 Rf7 26. bxc5 Rxb1 27. Rxb1 Nxc5 28.
Qc3 Qa8 29. Ng3 h6 30. Kg2 Qc6 31. Qb2 Bf8 32. Be3 Rc7 33. Qa3 Nd7 34. Qa5 Be7
35. Qb5 Qa8 36. Rb4 Qc8 37. Ra4 Nc5 38. Bxc5 Rxc5 39. Qb3 Rc7 40. Qa2 Qd7 41.
Ra6 Kf7 42. Ne2 Rc6 1/2-1/2

[Event "77th ch-RUS 2024"]
[Site "Barnaul RUS"]
[Date "2024.08.28"]
[Round "11.4"]
[White "Ponkratov, Pavel"]
[Black "Grebnev, Aleksey"]
[Result "1/2-1/2"]
[WhiteTitle "GM"]
[BlackTitle "GM"]
[WhiteElo "2571"]
[BlackElo "2513"]
[WhiteFideId "4157800"]
[BlackFideId "34189030"]
[EventDate "2024.08.17"]

1. e4 e5 2. Nf3 Nf6 3. Nxe5 d6 4. Nf3 Nxe4 5. d4 d5 6. Bd3 Bd6 7. O-O O-O 8. c4
c6 9. cxd5 cxd5 10. Nc3 Nxc3 11. bxc3 Bg4 12. h3 Bh5 13. Rb1 Nd7 14. Rb5 Nf6 15.
Rxb7 Qc8 16. Rb3 Ne4 17. Ba3 Bxa3 18. Rxa3 Bxf3 19. Qxf3 Nd2 20. Bxh7+ Kxh7 21.
Qd3+ Ne4 22. f3 f5 23. fxe4 fxe4 24. Qe2 Rxf1+ 25. Qxf1 Qd7 26. Ra5 Rb8 27. Rc5
Qe6 28. c4 dxc4 29. Qf4 Re8 30. Qg5 Qd7 31. Rxc4 Kg8 32. Qe3 Qd5 33. Ra4 Rb8 34.
Kh2 Rb7 35. Qc3 Re7 36. Ra5 Qd6+ 37. Kg1 Rd7 38. Qc4+ Kh7 39. d5 Qb6+ 40. Qc5
Rxd5 41. Qxb6 Rd1+ 42. Kf2 1/2-1/2

[Event "77th ch-RUS 2024"]
[Site "Barnaul RUS"]
[Date "2024.08.28"]
[Round "11.5"]
[White "Matlakov, Maxim"]
[Black "Makarian, Rudik"]
[Result "1/2-1/2"]
[WhiteTitle "GM"]
[BlackTitle "IM"]
[WhiteElo "2651"]
[BlackElo "2537"]
[WhiteFideId "4168003"]
[BlackFideId "44105681"]
[EventDate "2024.08.17"]

1. Nf3 Nf6 2. c4 e6 3. b3 d5 4. Bb2 b6 5. g3 Be7 6. cxd5 exd5 7. Bg2 O-O 8. O-O
Bb7 9. e3 Nbd7 10. Nc3 Re8 11. Rc1 a6 12. Re1 b5 13. d4 Bd6 14. Ne2 a5 15. Nf4
a4 16. Nd3 Ne4 17. Nfe5 axb3 18. axb3 Ra2 19. Re2 Bxe5 20. dxe5 c5 21. f3 Ng5
22. Nxc5 Nxc5 23. Rxc5 d4 24. Rd2 Qa5 25. e4 d3 26. Rc1 h5 27. Bc3 Qb6+ 28. Kh1
Rea8 29. h4 Ne6 30. b4 g5 31. Bb2 gxh4 32. f4 hxg3 33. Qf3 h4 34. Qg4+ Kf8 35.
f5 Rxb2 36. Rxb2 Qe3 37. Rf1 Qg5 38. Qf3 Nd4 39. Qxd3 Rd8 40. Qd2 Nf3 41. Qe2
Nd4 42. Qd2 Nf3 43. Qe2 Nd2 44. Rd1 Nc4 45. Rbb1 Nd2 46. Rb2 Nc4 47. Rbb1 Re8
48. e6 h3 49. Bxh3 Qh4 50. Qg4 Qxg4 51. Bxg4 Bxe4+ 52. Kg1 Bxb1 53. Rxb1 fxe6
54. fxe6 Ne3 55. Be2 Rxe6 1/2-1/2

[Event "77th ch-RUS 2024"]
[Site "Barnaul RUS"]
[Date "2024.08.28"]
[Round "11.6"]
[White "Dubov, Daniil"]
[Black "Artemiev, Vladislav"]
[Result "1/2-1/2"]
[WhiteTitle "GM"]
[BlackTitle "GM"]
[WhiteElo "2701"]
[BlackElo "2699"]
[WhiteFideId "24126055"]
[BlackFideId "24101605"]
[EventDate "2024.08.17"]

1. e4 e5 2. Nf3 Nc6 3. Nc3 Nf6 4. d4 exd4 5. Nxd4 Bb4 6. Nxc6 bxc6 7. Bd3 O-O 8.
O-O d5 9. exd5 cxd5 10. h3 Re8 11. Qf3 c6 12. Bf4 Bd6 13. Rfe1 Be6 14. Rad1 Bxf4
15. Qxf4 Qb8 16. Qxb8 1/2-1/2